Huyền thoại miệt vườn

Kaydedildi:
Detaylı Bibliyografya
Yazar: Huyền thoại miệt vườn
Materyal Türü: Kitap
Dil:Undetermined
Baskı/Yayın Bilgisi: Hà Nội VHTT 1994
Etiketler: Etiketle
Etiket eklenmemiş, İlk siz ekleyin!
Thư viện lưu trữ: Trung tâm Học liệu Trường Đại học Cần Thơ
LEADER 00525nam a2200157Ia 4500
001 CTU_34974
008 210402s9999 xx 000 0 und d
082 |a 398.2 
082 |b Th108 
100 |a Huyền thoại miệt vườn 
245 0 |a Huyền thoại miệt vườn 
245 0 |c Huyền thoại miệt vườn; Biên tập, hiệu đính: Nguyễn Phương Thảo 
260 |a Hà Nội 
260 |b VHTT 
260 |c 1994 
980 |a Trung tâm Học liệu Trường Đại học Cần Thơ